فهرس أحاديث تلخيص الحبير في تخريج أحاديث الرافعي الكبير لأبي الفضل شهاب الدين أحمد بن علي العسقلاني / (رقم التسجيلة. 26780)

تفاصيل مارك
000 -LEADER
fixed length control field 00636nam a22001697a 4500
005 - DATE AND TIME OF LATEST TRANSACTION
control field 20251108165405.0
008 - FIXED-LENGTH DATA ELEMENTS--GENERAL INFORMATION
fixed length control field 250721s1986 xx 000 0 ara d
082 14 - DEWEY DECIMAL CLASSIFICATION NUMBER
Classification number م/213/يوس
100 1# - MAIN ENTRY--PERSONAL NAME
Personal name المرعشلي، يوسف عبد الرحمن
245 10 - TITLE STATEMENT
Title فهرس أحاديث تلخيص الحبير في تخريج أحاديث الرافعي الكبير لأبي الفضل شهاب الدين أحمد بن علي العسقلاني /
264 1# - PRODUCTION, PUBLICATION, DISTRIBUTION, MANUFACTURE, AND COPYRIGHT NOTICE
Place of production, publication, distribution, manufacture بيروت :
Name of producer, publisher, distributor, manufacturer دار المعرفه،
Date of production, publication, distribution, manufacture, or copyright notice 1986.
300 ## - PHYSICAL DESCRIPTION
Extent 468ص
650 17 - SUBJECT ADDED ENTRY--TOPICAL TERM
Topical term or geographic name as entry element الإسلام
650 17 - SUBJECT ADDED ENTRY--TOPICAL TERM
Topical term or geographic name as entry element الحديث الشريف
942 ## - ADDED ENTRY ELEMENTS (KOHA)
Source of classification or shelving scheme Dewey Decimal Classification
Koha item type مراجع
المقتنيات
حالة السحب حالة الفقدان مصدر التصنيف حالة التلف غير قابل للإعارة المكتبة الرئيسية المكتبة الحالية موقع الرف تاريخ التزويد الرقم المتسلسل Total Checkouts رقم الإستدعاء الباركود تاريخ آخر ظهور تاريخ الفاتورة نوع المادة (كوها)
    Dewey Decimal Classification   Not For Loan المكتبة المركزية المكتبة المركزية مراجع 06/07/2004 123962   م/213/يوس 123962 28/07/2025 06/07/2004 مراجع
Implemented & Customized by: BBB with SCIT (Smart Chains for Information Technology)

Powered by Koha